LDR 00671naa#a2200193#i#450# 001 EN\\bibl\125729 005 20260630051515.2 011 ## _a2077-7566 100 ## _a20260629b2026####ek#y0engy0150####ca 101 0# _aRUS 102 ## _aRU 200 1# _aHIV-INFECTED PATIENTS' ATTENDANCE FOR DENTAL CARE IN THE RUSSIAN FEDERATION (2021-2025) _eJournal article 210 1# _aEkaterinburg _cTIRAZH Publishing House _d2026 215 ## _a5 с. 608 ## _aJournal article _2local 675 ## _aСтоматология. Заболевания ротовой полости и зубов. 616.31 _zRUS 700 #1 _aMuzykin _gMaxim Igorevich 700 #1 _aHanov _gIl'yas A. 856 4# _adental-press.ru _u